| 000 | 00662nam a2200217Ia 4500 | ||
|---|---|---|---|
| 001 | 15289 | ||
| 003 | GE_BSU | ||
| 008 | 181216s||||||||xx |||||||||||||| ||und|| | ||
| 040 | _cGE_BSU | ||
| 080 | _a821.353.1-11 | ||
| 100 | _aშანშიაშვილი,სანდრო | ||
| 245 | _aარსენა.დრამატული პოემა | ||
| 245 | _cპ/მგ რედ. რ გვეტაძე | ||
| 260 | _aთბილისი | ||
| 260 | _bფედერაცია | ||
| 260 | _c1936 | ||
| 300 | _a135გვ.19სმ. | ||
| 653 | _aარსენა | ||
| 653 | _aდრამატული პოემა | ||
| 942 | _cBK | ||
| 999 |
_c48398 _d48398 |
||